| 000 | 00989cam a2200205 4500 | ||
|---|---|---|---|
| 001 | WB3801-05 | ||
| 008 | 020108n2002 000 0 eng u | ||
| 035 | _a(Sirsi) u116183 | ||
| 245 | _aConstruction skills go green | ||
| 260 | _c2002 | ||
| 490 |
_aBuilding Trade and Industry _v18(1) January 2002, 2(1) |
||
| 520 | _aThe Construction Skills Certification Scheme (CSCS), administered by the Construction Industry Training Board, has launched the green construction site operatives CSCS card. The card has been welcomed by contractors and unions as a further step towards ensuring a fully safety conscious construction industry. Site workers can obtain the card via the industry accreditation route or by passing an N/SVQ at level 1. | ||
| 590 | _aWB | ||
| 650 |
_aHEALTH AND SAFETY _96244 |
||
| 650 | _aCONSTRUCTION SKILLS CERTIFICATION SCHEME | ||
| 650 | _aCONSTRUCTION WORKERS | ||
| 650 | _aCONSTRUCTION INDUSTRY TRAINING BOARD | ||
| 690 | _aBUILT ENVIRONMENT | ||
| 942 | _n0 | ||
| 999 |
_c69210 _d69210 |
||